Splatoonシリーズのステージ - Statistics

General Stats
  • This quiz has been taken 53 times
  • The average score is 17 of 67
Answer Stats
登場作品 ステージ名 % Correct
1 デカライン高架下
61%
1 シオノメ油田
61%
1・2 タチウオパーキング
57%
1・3 ヒラメが丘団地
57%
1・3 マサバ海峡大橋
52%
1・2 ハコフグ倉庫
50%
1・2 ホッケふ頭
50%
2・3 海女美術大学
50%
1・2 アロワナモール
45%
1・3 キンメダイ美術館
45%
1・2 Bバスパーク
45%
2 バッテラストリート
43%
1・2 アンチョビットゲームズ
41%
2・3 コンブトラック
41%
1・3 ネギトロ炭鉱
39%
1・2 モンガラキャンプ場
39%
1・2 ショッツル鉱山
36%
3 マテガイ放水路
36%
1・3 マヒマヒリゾート&スパ
34%
2・3 マンタマリア号
34%
1・2 モズク農園
32%
2・3 ザトウマーケット
32%
3 クサヤ温泉
32%
3 バイガイ亭
32%
2・3 チョウザメ造船
30%
2 デボン海洋博物館
30%
2・3 スメーシーワールド
30%
3 ゴンズイ地区
30%
3 ヤガラ市場
30%
2 ホテルニューオートロ
27%
3 ユノハナ大渓谷
27%
3 リュウグウターミナル
27%
3 ナメロウ金属
25%
3 ナンプラー遺跡
25%
3 カジキ空港
25%
2 フジツボスポーツクラブ
23%
2 ガンガゼ野外音楽堂
23%
2 エンガワ河川敷
23%
3 タカアシ経済特区
23%
2 アジフライスタジアム
20%
2 ムツゴ楼
18%
3 オヒョウ海運
18%
3 タラポートショッピングパーク
16%
2(ミステリーゾーン) ヒメちゃんのキャノン
14%
2(ミステリーゾーン) 追憶のスライド
9%
2(ミステリーゾーン) 約束の丘で会いましょう
9%
2(ミステリーゾーン) バーの一族
9%
2(ミステリーゾーン) 恋はダッシュ×3
9%
2(ミステリーゾーン) トジトジ
7%
2(ミステリーゾーン) イタズラなヒキヨセ
7%
2(ミステリーゾーン) ヌリとスイッチの吐息
7%
2(ミステリーゾーン) ジャンプマットの詩
7%
2(ミステリーゾーン) ドーザームーン
7%
2(ミステリーゾーン) DEAR SENPAI
7%
2(ミステリーゾーン) ウィンドミル・キス
5%
2(ミステリーゾーン) あしたはデンデン
5%
2(ミステリーゾーン) 天秤ラヴァーズ
5%
2(ミステリーゾーン) たこあし注意報!
5%
2(ミステリーゾーン) キミのハートにライド・オン!
5%
2(ミステリーゾーン) カンケツセンのばら
5%
2(ミステリーゾーン) クイックバスケット
5%
2(ミステリーゾーン) ビッグ=パネルが止まらない
5%
2(ミステリーゾーン) 思い出コロガリウム
5%
2(ミステリーゾーン) ピロピロなんかじゃない
5%
2(ミステリーゾーン) ハンサムなスポンジ
2%
2(ミステリーゾーン) トランスペアレント・ボーイ
2%
2(ミステリーゾーン) ヌリヌリトゥナイト
2%
No matching quizzes found
Score Distribution
Percent of People with Each Score
Percentile by Number Answered
Your Score History
You have not taken this quiz